Logo BPK

Biblioteka

Politechniki Koszalińskiej

IV Sympozjum na temat Symulacja, pomiary i diagnostyka w elektrotermii : (Rekord nr 31020)

Szczegóły MARC
000 -ETYKIETA REKORDU
podpole kontrolne o stałej długości 01297nam a2200265 i 4500
001 - NUMER KONTROLNY REKORDU
pole kontrolne bg
020 ## - MIĘDZYNARODOWY ZNORMALIZOWANY NUMER KSIĄŻKI - ISBN
ISBN 8386272252
040 ## - ŹRÓDŁO KATALOGOWANIA
Instytucja, która utworzyła rekord BPK
041 0# - KOD JĘZYKA
Kod języka tekstu plen
Kod języka streszczenia lub abstraktu enpl
080 ## - UNIWERSALNA KLASYFIKACJA DZIESIĘTNA - UKD
UKD 621.365(061.3)
920 ## - Międzynarodowy znormalizowany numer książki – ISBN
ISBN 83-86272-25-2
008 - POLE O STAŁEJ DŁUGOŚCI - DANE KONTROLNE
podpole kontrolne o stałej długości s pl f |000 0 pol
245 03 - TYTUŁ/ODPOWIEDZIALNOŚĆ
Tytuł IV Sympozjum na temat Symulacja, pomiary i diagnostyka w elektrotermii :
Ciąg dalszy tytułu Hołny Mejera 27-30 września 1995 r. /
Pozostałe elementy strefy tytułu i oznaczenia odpowiedzialności [red nauk. Zbigniew Dmochowski] ; Katedra Elektroenergetyki Wydziału Elektrycznego Politechniki Białostockiej, Sekcja Elektrotermii Komitetu Elektrotechniki PAN [Polskiej Akademii Nauk], Polski Komitet Elektrotermii SEP [Stowarzyszenia Elektryków Polskich] i SITPH [Stowarzyszenia Inżynierów i Techników Przemysłu Hutniczego], Koło SEP przy Politechnice Białostockiej, Koło SEP przy Instytucie Elektrotechniki w Warszawie.
260 ## - STREFA ADRESU WYDAWNICZEGO
Miejsce wydania Białystok :
Nazwa wydawcy/dystrybutora Wydawnictwa PB,
Data publikacji, dystrybucji/powstania dokumentu 1995
Miejsce produkcji (B).
300 ## - STREFA OPISU FIZYCZNEGO
Objętość 252 s. :
Inne cechy fizyczne rys., wykr. ;
Rozmiary 23 cm.
500 ## - UWAGI OGÓLNE
Tekst uwagi Tekst częśc. ang.
500 ## - UWAGI OGÓLNE
Tekst uwagi Na prawach rps.
504 ## - UWAGA DOTYCZĄCA BIBLIOGRAFII
Informacje o bibliografii Bibliogr., streszcz., summ. przy ref.
650 #9 - HASŁO PRZEDMIOTOWE W FORMIE NAZWY OGÓLNEJ LUB JEDNOSTKOWEJ
Nazwa ogólna lub geograficzna Diagnostyka techniczna
650 #9 - HASŁO PRZEDMIOTOWE W FORMIE NAZWY OGÓLNEJ LUB JEDNOSTKOWEJ
Nazwa ogólna lub geograficzna Elektrotermia
Określnik ogólny pomiary
650 #9 - HASŁO PRZEDMIOTOWE W FORMIE NAZWY OGÓLNEJ LUB JEDNOSTKOWEJ
Nazwa ogólna lub geograficzna Symulacja
Określnik ogólny stosowanie
-- elektrotechnika
655 ## - TERMIN INDEKSOWY - OKREŚLENIE RODZAJU/FORMY DOKUMENTU
Określenie rodzaju/formy dokumentu Materiały konferencyjne
700 1# - HASŁO DODATKOWE - NAZWA OSOBOWA
Nazwa osobowa Dmochowski, Zbigniew
Daty związane z nazwą (1931- ).
Określenie związku między hasłem a opisywanym materiałem Red.
856 ## - LOKALIZACJA I DOSTĘP DO ELEKTRONICZNYCH DOKUMENTÓW ZDALNYCH
Link (URL) http://koha.tu.koszalin.pl/cgi-bin/koha/opac-detail.pl?biblionumber=31020
Tekst linku Katalog online BPK
942 ## - DODATKOWE ELEMENTY (KOHA)
Typ dokumentu Książka
Egzemplarze
Wycofany Status egzemplarza Uszkodzony Dostępność Lokalizacja stała Lokalizacja bieżąca Miejsce przechowywania Sygnatura Kod kreskowy Typ dokumentu
      Dostępny Biblioteka Politechniki Koszalińskiej Biblioteka Politechniki Koszalińskiej Wypożyczalnia BG 38086 01080797 Książka
© 2023 Biblioteka Politechniki Koszalińskiej :: KOHA